Top 3 Formula Excel - Estadísticas

Estadísticas generales
  • Esta prueba ha sido intentada 18 veces
  • La puntuación promedio es 23 de 42
Estadísticas de respuestas
Race(position) Driver % Correcto
2024 (1º) Max Verstappen
100%
2037 (1º) Max Verstappen
100%
2025 (2º) Max Verstappen
100%
2035 (2º) Max Verstappen
100%
2026 (3º) Max Verstappen
100%
2027 (3º) Max Verstappen
100%
2033 (3º) Max Verstappen
100%
2036 (3º) Max Verstappen
100%
2026 (1º) Charles Leclerc
75%
2027 (2º) Charles Leclerc
75%
2033 (2º) Charles Leclerc
75%
2028 (3º) Charles Leclerc
75%
2029 (3º) Charles Leclerc
75%
2032 (3º) Charles Leclerc
75%
2024 (3º) Lando Norris
75%
2027 (1º) Oscar Piastri
75%
2030 (1º) Oscar Piastri
75%
2031(1º) Oscar Piastri
75%
2024 (2º) Oscar Piastri
75%
2026 (2º) Oscar Piastri
75%
2028 (2º) Oscar Piastri
75%
2029 (2º) Oscar Piastri
75%
2025 (3º) Oscar Piastri
75%
2025 (1º) Fernando Alonso
67%
2036 (1º) Kimi Antonelli
33%
2034 (3º) Kimi Antonelli
33%
2035 (3º) Kimi Antonelli
33%
2028 (1º) Geray Mota
17%
2029 (1º) Geray Mota
17%
2032 (1º) Geray Mota
17%
2033 (1º) Geray Mota
17%
2034 (1º) Geray Mota
17%
2030 (2º) Geray Mota
17%
2031 (2º) Geray Mota
17%
2037 (2º) Geray Mota
17%
2035 (1º) Mike Halton
8%
2032 (2º) Mike Halton
8%
2030 (3º) Mike Halton
8%
2031 (3º) Mike Halton
8%
2037 (3º) Tim Tramnitz
8%
2036 (2º) Jak Crawford
0%
2034 (2º) Mikel Jong
0%
No se encontraron pruebas coincidentes
Distribución de puntuación
Porcentaje de gente con cada puntuación
Porcentaje por número respondido
Historial de tus puntuaciones
No has intentado esta prueba.